Pháp luật chống bán phá giá Hoa Kỳ và tác động đối với Việt Nam

Một số vấn đề lý luận về bán phá giá theo pháp luật Hoa Kỳ. Khởi kiện bán phá giá theo pháp luật Hoa Kỳ. Nền kinh tế phi thị trường trong vụ kiện chống bán phá giá theo pháp luật Hoa Kỳ. Một số tác động đối với Việt Nam trong quá trìn...

Full description

Saved in:
Bibliographic Details
Main Author: Lê, Thị Ánh Nguyệt
Format: Book
Language:Undetermined
Published: Thành phố Hồ Chí Minh Nxb. Đại học Quốc gia Thành phố Hồ Chí Minh 2009
Subjects:
Tags: Add Tag
No Tags, Be the first to tag this record!
Institutions: Trung tâm Học liệu Trường Đại học Cần Thơ
LEADER 01229nam a2200217Ia 4500
001 CTU_192782
008 210402s9999 xx 000 0 und d
020 |c 29500 
082 |a 343.087 
082 |b Ng528 
100 |a Lê, Thị Ánh Nguyệt 
245 0 |a Pháp luật chống bán phá giá Hoa Kỳ và tác động đối với Việt Nam 
245 0 |c Lê Thị Ánh Nguyệt 
260 |a Thành phố Hồ Chí Minh 
260 |b Nxb. Đại học Quốc gia Thành phố Hồ Chí Minh 
260 |c 2009 
520 |a Một số vấn đề lý luận về bán phá giá theo pháp luật Hoa Kỳ. Khởi kiện bán phá giá theo pháp luật Hoa Kỳ. Nền kinh tế phi thị trường trong vụ kiện chống bán phá giá theo pháp luật Hoa Kỳ. Một số tác động đối với Việt Nam trong quá trình hội nhập. 
650 |a Dumping (International trade),Bán phá giá (Thương mại quốc tế) 
650 |x Law and legislation,Luật và văn bản quy phạm pháp luật 
910 |a Hải 
980 |a Trung tâm Học liệu Trường Đại học Cần Thơ